[Event "Bundesliga 9899"]
[Site "Deutschland"]
[Date "1998.11.21"]
[Round "3.5"]
[White "Reschke, Stefan"]
[Black "Piket, Jeroen"]
[Result "0-1"]
[WhiteElo "2380"]
[BlackElo "2575"]
[PlyCount "84"]
[EventDate "1998.10.17"]
[EventType "team"]
[EventRounds "15"]
[EventCountry "GER"]
[SourceTitle "Bundesliga 9899"]
[Source "DeepChess"]
[SourceDate "2005.01.01"]
[SourceVersion "1"]
[SourceVersionDate "2005.01.01"]
[SourceQuality "1"]
[WhiteTeam "SG Bochum 31"]
[BlackTeam "SG 1868 Aljech. Solingen"]
[WhiteTeamCountry "GER"]
[BlackTeamCountry "GER"]

1. d4 Nf6 2. c4 e6 3. g3 Bb4+ 4. Bd2 Qe7 5. Bg2 a5 6. Nc3 Nc6 7. Nf3 Bxc3 8.
Bxc3 Ne4 9. Rc1 O-O 10. O-O d6 11. Qb3 e5 12. e3 Re8 13. c5 dxc5 14. Nxe5 Nxc3
15. Qxc3 Nxe5 16. dxe5 Qxe5 17. Qa3 a4 18. Rxc5 Qe7 19. Rd1 c6 20. Rd4 Be6 21.
Rc3 g6 22. h4 h5 23. Bf3 Qf6 24. Rf4 Qe5 25. Rxa4 Rxa4 26. Qxa4 Rd8 27. Qb4 Rd2
28. Qxb7 Bd5 29. Bxd5 Rd1+ 30. Kg2 Qxd5+ 31. e4 Qxe4+ 32. Rf3 Qd5 33. b3 Rd2
34. a4 Rd3 35. Qb8+ Kg7 36. Qf4 Rxb3 37. a5 Ra3 38. Qf6+ Kg8 39. Qf4 c5 40. Qf6
c4 41. a6 c3 42. a7 c2 0-1

[Event "Bundesliga 9899"]
[Site "Deutschland"]
[Date "1998.11.21"]
[Round "3.7"]
[White "De Gleria, Francesco"]
[Black "Kasimdzhanov, Rustam"]
[Result "0-1"]
[WhiteElo "2245"]
[BlackElo "2565"]
[PlyCount "80"]
[EventDate "1998.10.17"]
[EventType "team"]
[EventRounds "15"]
[EventCountry "GER"]
[SourceTitle "Bundesliga 9899"]
[Source "DeepChess"]
[SourceDate "2005.01.01"]
[SourceVersion "1"]
[SourceVersionDate "2005.01.01"]
[SourceQuality "1"]
[WhiteTeam "SG Bochum 31"]
[BlackTeam "SG 1868 Aljech. Solingen"]
[WhiteTeamCountry "GER"]
[BlackTeamCountry "GER"]

1. e4 g6 2. d4 Bg7 3. Nc3 c6 4. Nf3 d6 5. g3 Nf6 6. Bg2 O-O 7. a4 Qc7 8. O-O e5
9. dxe5 dxe5 10. a5 Na6 11. Qe2 Rd8 12. h3 Nc5 13. Qc4 Ne6 14. Be3 Bd7 15. Rfd1
b5 16. axb6 axb6 17. Ng5 Rxa1 18. Rxa1 h6 19. Nxe6 Bxe6 20. Qa6 Rb8 21. Qa7 Rb7
22. Qa8+ Kh7 23. f4 b5 24. Kh2 b4 25. Na4 exf4 26. gxf4 Rb5 27. Qa7 Qxa7 28.
Bxa7 Ra5 29. Bb6 Ra8 30. Bc5 Nh5 31. f5 Bc4 32. fxg6+ fxg6 33. Bxb4 Bb5 34. Rd1
Rxa4 35. c3 Ra7 36. Bf3 Be5+ 37. Kg1 Nf4 38. Rd8 Nxh3+ 39. Kg2 Nf4+ 40. Kf2
Nd3+ 0-1

[Event "Bundesliga 9899"]
[Site "Deutschland"]
[Date "1998.11.21"]
[Round "3.8"]
[White "Bischoff, Klaus"]
[Black "Kitte, Sebastian"]
[Result "1/2-1/2"]
[WhiteElo "2545"]
[BlackElo "2305"]
[PlyCount "52"]
[EventDate "1998.10.17"]
[EventType "team"]
[EventRounds "15"]
[EventCountry "GER"]
[SourceTitle "Bundesliga 9899"]
[Source "DeepChess"]
[SourceDate "2005.01.01"]
[SourceVersion "1"]
[SourceVersionDate "2005.01.01"]
[SourceQuality "1"]
[WhiteTeam "SG 1868 Aljech. Solingen"]
[BlackTeam "SG Bochum 31"]
[WhiteTeamCountry "GER"]
[BlackTeamCountry "GER"]

1. c4 e5 2. Nc3 Nc6 3. g3 g6 4. Bg2 Bg7 5. Nf3 Nf6 6. O-O O-O 7. d4 exd4 8.
Nxd4 Re8 9. Nc2 d6 10. h3 Be6 11. Ne3 Ne7 12. Qb3 Rb8 13. Qa4 a6 14. Ned5 Qc8
15. Kh2 b5 16. Qa5 Nexd5 17. cxd5 Bf5 18. a3 Ne4 19. Bxe4 Bxe4 20. Bf4 Bf5 21.
g4 Bd7 22. Rad1 h5 23. f3 hxg4 24. hxg4 Bxg4 25. Kg3 Bd7 26. Kf2 Qb7 1/2-1/2

[Event "Bundesliga 9899"]
[Site "Deutschland"]
[Date "1998.11.21"]
[Round "3.3"]
[White "Schmidt, Peter"]
[Black "Nisipeanu, Liviu Dieter"]
[Result "0-1"]
[WhiteElo "2410"]
[BlackElo "2610"]
[PlyCount "80"]
[EventDate "1998.10.17"]
[EventType "team"]
[EventRounds "15"]
[EventCountry "GER"]
[SourceTitle "Bundesliga 9899"]
[Source "DeepChess"]
[SourceDate "2005.01.01"]
[SourceVersion "1"]
[SourceVersionDate "2005.01.01"]
[SourceQuality "1"]
[WhiteTeam "SK Passau 1869"]
[BlackTeam "USC Magdeburg"]
[WhiteTeamCountry "GER"]
[BlackTeamCountry "GER"]

1. d4 Nf6 2. Nf3 e6 3. g3 b5 4. Bg2 Bb7 5. O-O Be7 6. Bg5 O-O 7. Qd3 Be4 8.
Qxb5 Nc6 9. Nbd2 Rb8 10. Qc4 Rb4 11. Qc3 Bxf3 12. Nxf3 Ne4 13. Bxe7 Nxc3 14.
Bxd8 Nxe2+ 15. Kh1 Rxd8 16. b3 Rb6 17. Rfd1 Nc3 18. Rd2 d5 19. Ne5 Nxe5 20.
dxe5 c5 21. Re1 g6 22. a3 a5 23. a4 Rb4 24. Rd3 d4 25. Bf1 c4 26. bxc4 Rxc4 27.
Ra1 Ne4 28. Kg1 Rxc2 29. Rad1 Rc4 30. Re3 Nxf2 31. Bxc4 Nxd1 32. Rb3 Nc3 33.
Bb5 Nxb5 34. axb5 d3 35. Rb1 d2 36. Rd1 Rb8 37. Rxd2 Rxb5 38. Re2 a4 39. Ra2
Ra5 40. Ra3 Kf8 0-1

[Event "Bundesliga 9899"]
[Site "Deutschland"]
[Date "1998.11.21"]
[Round "3.4"]
[White "Rogozenko, Dorian"]
[Black "Wells, Peter K"]
[Result "1/2-1/2"]
[WhiteElo "2495"]
[BlackElo "2530"]
[PlyCount "130"]
[EventDate "1998.10.17"]
[EventType "team"]
[EventRounds "15"]
[EventCountry "GER"]
[SourceTitle "Bundesliga 9899"]
[Source "DeepChess"]
[SourceDate "2005.01.01"]
[SourceVersion "1"]
[SourceVersionDate "2005.01.01"]
[SourceQuality "1"]
[WhiteTeam "USC Magdeburg"]
[BlackTeam "SK Passau 1869"]
[WhiteTeamCountry "GER"]
[BlackTeamCountry "GER"]

1. d4 Nf6 2. c4 e6 3. Nc3 Bb4 4. Qc2 O-O 5. a3 Bxc3+ 6. Qxc3 b6 7. Bg5 Bb7 8.
Nf3 d6 9. Nd2 Nbd7 10. f3 c5 11. e4 Re8 12. Bd3 e5 13. d5 Nf8 14. Qc2 Bc8 15.
Nb1 h6 16. Be3 Nh5 17. g3 f5 18. exf5 e4 19. Bxe4 Bxf5 20. Bxf5 Rxe3+ 21. Kf2
Qg5 22. Nc3 Re5 23. Bd3 Qe3+ 24. Kg2 Rg5 25. Ne2 Re8 26. Rhe1 Nd7 27. f4 Rg4
28. Bf5 Ndf6 29. Bxg4 Nxg4 30. Ng1 Qxe1 31. Rxe1 Rxe1 32. Qa4 Re7 33. h3 Ne3+
34. Kf3 Nf5 35. Ne2 Nf6 36. Nc3 Re3+ 37. Kf2 Rxg3 38. Qc6 Kh7 39. Qc8 Kg6 40.
Nb5 Rb3 41. Qe6 Rxb2+ 42. Ke1 Rc2 43. Nxd6 Nxd6 44. Qxd6 Rxc4 45. Qb8 Re4+ 46.
Kf2 Nxd5 47. Qxa7 Rxf4+ 48. Kg3 Rd4 49. Qd7 Nf6 50. Qb5 Rd6 51. Qb1+ Kf7 52.
Qb3+ Ke7 53. Kf4 Rd4+ 54. Kf5 Rd5+ 55. Kf4 g5+ 56. Kf3 Rd6 57. Qb5 Nd7 58. Kg4
Kf7 59. Qb3+ Kg7 60. Qb2+ Rd4+ 61. Kg3 Kf7 62. Qb1 Kg7 63. Qf5 Nf6 64. Qb1 Nd5
65. Qf5 Nf6 1/2-1/2

[Event "Bundesliga 9899"]
[Site "Deutschland"]
[Date "1998.11.21"]
[Round "3.6"]
[White "Naumann, Alexander"]
[Black "Pichler, Juergen"]
[Result "1-0"]
[WhiteElo "2375"]
[BlackElo "2395"]
[PlyCount "115"]
[EventDate "1998.10.17"]
[EventType "team"]
[EventRounds "15"]
[EventCountry "GER"]
[SourceTitle "Bundesliga 9899"]
[Source "DeepChess"]
[SourceDate "2005.01.01"]
[SourceVersion "1"]
[SourceVersionDate "2005.01.01"]
[SourceQuality "1"]
[WhiteTeam "USC Magdeburg"]
[BlackTeam "SK Passau 1869"]
[WhiteTeamCountry "GER"]
[BlackTeamCountry "GER"]

1. Nf3 d5 2. d4 Nf6 3. c4 c6 4. Nc3 e6 5. Bg5 Nbd7 6. cxd5 exd5 7. e3 Be7 8.
Bd3 O-O 9. Qc2 Re8 10. O-O Nf8 11. Rab1 Be6 12. b4 Rc8 13. Na4 N6d7 14. Bxe7
Qxe7 15. Nc5 Nxc5 16. bxc5 g6 17. Qa4 a6 18. Nd2 f5 19. f3 Rcd8 20. Qb4 Bc8 21.
Rbe1 Ne6 22. Qc3 Qf6 23. f4 Re7 24. Nf3 Rg7 25. Qc2 Nc7 26. Qf2 Ne8 27. Qh4
Qxh4 28. Nxh4 Nf6 29. Nf3 Re8 30. Ne5 Rge7 31. h3 Kg7 32. Kf2 h5 33. Rg1 Rh8
34. g3 Rc7 35. Ke2 Rh6 36. Kd2 Kf8 37. Kc3 Ke8 38. Kb4 Rg7 39. Ka5 Kd8 40. Kb6
Nd7+ 41. Nxd7 Kxd7 42. g4 fxg4 43. hxg4 h4 44. g5 Rh8 45. f5 gxf5 46. Bxf5+ Kd8
47. Bxc8 Kxc8 48. Rg4 Kd7 49. Rh1 h3 50. Rg3 h2 51. Rg2 Ke6 52. Rgxh2 Rxh2 53.
Rxh2 Kf5 54. g6 Rxg6 55. Kxb7 a5 56. a4 Ke4 57. Rh3 Kd3 58. Kb6 1-0

[Event "Bundesliga 9899"]
[Site "Deutschland"]
[Date "1998.11.21"]
[Round "3.7"]
[White "Klebel, Martin"]
[Black "Machelett, Heiko"]
[Result "1/2-1/2"]
[WhiteElo "2410"]
[BlackElo "2355"]
[PlyCount "65"]
[EventDate "1998.10.17"]
[EventType "team"]
[EventRounds "15"]
[EventCountry "GER"]
[SourceTitle "Bundesliga 9899"]
[Source "DeepChess"]
[SourceDate "2005.01.01"]
[SourceVersion "1"]
[SourceVersionDate "2005.01.01"]
[SourceQuality "1"]
[WhiteTeam "SK Passau 1869"]
[BlackTeam "USC Magdeburg"]
[WhiteTeamCountry "GER"]
[BlackTeamCountry "GER"]

1. d4 Nf6 2. Nf3 g6 3. g3 Bg7 4. Bg2 O-O 5. b3 d5 6. Bb2 c6 7. O-O a5 8. c4 a4
9. cxd5 Nxd5 10. e4 Nc7 11. bxa4 Ne6 12. Ne5 Nd7 13. Nd2 Nxd4 14. Nxd7 Bxd7 15.
Nb3 e5 16. Nxd4 exd4 17. Bxd4 Bg4 18. Qxg4 Qxd4 19. Rad1 Qxa4 20. Qd7 Rfb8 21.
Qe7 Qxa2 22. e5 Qa3 23. Qc7 Qa5 24. Qxa5 Rxa5 25. f4 Rb5 26. Rb1 Rc5 27. Rb6 g5
28. Rfb1 gxf4 29. gxf4 Bh6 30. Rxc6 Rxc6 31. Bxc6 Bxf4 32. Rxb7 Rd8 33. Rd7
1/2-1/2

[Event "Bundesliga 9899"]
[Site "Deutschland"]
[Date "1998.11.21"]
[Round "3.8"]
[White "Stolz, Mike"]
[Black "Gross, David2"]
[Result "1/2-1/2"]
[WhiteElo "2330"]
[BlackElo "2305"]
[PlyCount "195"]
[EventDate "1998.10.17"]
[EventType "team"]
[EventRounds "15"]
[EventCountry "GER"]
[SourceTitle "Bundesliga 9899"]
[Source "DeepChess"]
[SourceDate "2005.01.01"]
[SourceVersion "1"]
[SourceVersionDate "2005.01.01"]
[SourceQuality "1"]
[WhiteTeam "USC Magdeburg"]
[BlackTeam "SK Passau 1869"]
[WhiteTeamCountry "GER"]
[BlackTeamCountry "GER"]

1. c4 Nf6 2. Nc3 e5 3. Nf3 Nc6 4. g3 Bc5 5. Bg2 O-O 6. O-O d6 7. d3 h6 8. a3 a6
9. b4 Ba7 10. Bb2 Bg4 11. Rc1 Qd7 12. Nd5 Nxd5 13. cxd5 Ne7 14. Qb3 c6 15. dxc6
Nxc6 16. e3 Be6 17. Qc2 Rac8 18. Qb1 f5 19. Bc3 f4 20. exf4 exf4 21. Kh1 Bd5
22. Rce1 g5 23. b5 g4 24. bxc6 Rxc6 25. Nh4 f3 26. Bh3 Rxc3 27. Qb4 Rb3 28.
Bxg4 Rxb4 29. Bxd7 Rd4 30. Nf5 Rxd3 31. Re7 Bxf2 32. Nxh6+ Kh8 33. Bf5 Rxf5 34.
Nxf5 Bc5 35. Re8+ Kh7 36. Re7+ Kh8 37. Re8+ Kh7 38. Ne7 Be4 39. Ng8 Bg6 40.
Nf6+ Kg7 41. Re6 Bf7 42. Ne8+ Kf8 43. Nc7 Bxe6 44. Nxe6+ Ke7 45. Ng5 f2 46. Kg2
Rxa3 47. h4 Be3 48. Nf3 Ra2 49. g4 Kf6 50. Kg3 d5 51. h5 d4 52. Rh1 Ra3 53. h6
f1=Q 54. Rxf1 Bxh6 55. Kh4 Bg7 56. Nxd4+ Kg6 57. Nf3 a5 58. Kg3 a4 59. Rb1 Be5+
60. Kf2 Ra2+ 61. Ke3 Bb2 62. Kd2 b5 63. Kc2 Ba3+ 64. Kd3 b4 65. Ne5+ Kg5 66.
Nc4 b3 67. Nd2 Kxg4 68. Nxb3 axb3 69. Rxb3 Bd6 70. Ke4 Bf4 71. Rb7 Re2+ 72. Kd5
Re5+ 73. Kd4 Re8 74. Rb5 Kf3 75. Rb3+ Be3+ 76. Kd5 Kf4 77. Rb7 Rd8+ 78. Ke6 Ke4
79. Rb1 Ra8 80. Re1 Ra6+ 81. Ke7 Kf4 82. Kd7 Bd4 83. Re6 Ra7+ 84. Kc6 Be5 85.
Re8 Ke4 86. Rc8 Ra2 87. Rd8 Ra7 88. Rd7 Ra8 89. Kb7 Ra3 90. Kc6 Rc3+ 91. Kb5
Bd4 92. Rd8 Rc5+ 93. Kb4 Rc7 94. Kb5 Kd3 95. Rd5 Rb7+ 96. Kc6 Rb6+ 97. Kc7 Ra6
98. Rh5 1/2-1/2

[Event "Bundesliga 9899"]
[Site "Deutschland"]
[Date "1998.11.21"]
[Round "3.3"]
[White "King, Daniel J"]
[Black "Hall, Jesper"]
[Result "0-1"]
[WhiteElo "2530"]
[BlackElo "2460"]
[PlyCount "80"]
[EventDate "1998.10.17"]
[EventType "team"]
[EventRounds "15"]
[EventCountry "GER"]
[SourceTitle "Bundesliga 9899"]
[Source "DeepChess"]
[SourceDate "2005.01.01"]
[SourceVersion "1"]
[SourceVersionDate "2005.01.01"]
[SourceQuality "1"]
[WhiteTeam "SV Castrop Rauxel 1923"]
[BlackTeam "SV Wattenscheid 1930"]
[WhiteTeamCountry "GER"]
[BlackTeamCountry "GER"]

1. e4 e6 2. d4 d5 3. Nc3 Bb4 4. e5 Qd7 5. Bd2 b6 6. Bb5 c6 7. Ba4 Ba6 8. Nce2
Bxd2+ 9. Qxd2 Bb5 10. Bb3 c5 11. c3 Nc6 12. Nf3 Nge7 13. O-O Na5 14. Bd1 O-O
15. Re1 Ng6 16. h4 Qe7 17. h5 Nh4 18. Nh2 f6 19. exf6 Qxf6 20. Ng4 Qf3 21. gxf3
Nxf3+ 22. Kg2 Nxd2 23. Ng3 Rae8 24. Ne5 Ndc4 25. Bg4 Nxe5 26. Rxe5 Rf6 27. Rae1
Kf7 28. dxc5 bxc5 29. b3 Nc6 30. Rg5 Bd3 31. Be2 Bxe2 32. Rxe2 Rf4 33. Nf1 h6
34. Rg3 Rf5 35. Rf3 Rxf3 36. Kxf3 e5 37. Ne3 Ke6 38. Kg3 Rf8 39. f3 d4 40. Nc4
Rf5 0-1

[Event "Bundesliga 9899"]
[Site "Deutschland"]
[Date "1998.11.21"]
[Round "3.4"]
[White "Ziegler, Ari"]
[Black "Seul, Georg"]
[Result "1/2-1/2"]
[WhiteElo "2425"]
[BlackElo "2435"]
[PlyCount "48"]
[EventDate "1998.10.17"]
[EventType "team"]
[EventRounds "15"]
[EventCountry "GER"]
[SourceTitle "Bundesliga 9899"]
[Source "DeepChess"]
[SourceDate "2005.01.01"]
[SourceVersion "1"]
[SourceVersionDate "2005.01.01"]
[SourceQuality "1"]
[WhiteTeam "SV Wattenscheid 1930"]
[BlackTeam "SV Castrop Rauxel 1923"]
[WhiteTeamCountry "GER"]
[BlackTeamCountry "GER"]

1. Nf3 d6 2. d4 Bg4 3. c4 Nd7 4. g3 Bxf3 5. exf3 c6 6. Bg2 Ngf6 7. O-O e6 8. f4
Be7 9. Nc3 O-O 10. Re1 Re8 11. g4 Nf8 12. d5 exd5 13. cxd5 Rc8 14. g5 Nxd5 15.
Nxd5 cxd5 16. Be3 b6 17. Qxd5 Qd7 18. Rac1 Rxc1 19. Rxc1 Rc8 20. Rxc8 Qxc8 21.
f5 Qc2 22. Qe4 Qd1+ 23. Bf1 d5 24. Qxe7 Qg4+ 1/2-1/2

[Event "Bundesliga 9899"]
[Site "Deutschland"]
[Date "1998.11.21"]
[Round "3.5"]
[White "Hoffmann, Michael"]
[Black "Holzke, Frank"]
[Result "0-1"]
[WhiteElo "2430"]
[BlackElo "2410"]
[PlyCount "100"]
[EventDate "1998.10.17"]
[EventType "team"]
[EventRounds "15"]
[EventCountry "GER"]
[SourceTitle "Bundesliga 9899"]
[Source "DeepChess"]
[SourceDate "2005.01.01"]
[SourceVersion "1"]
[SourceVersionDate "2005.01.01"]
[SourceQuality "1"]
[WhiteTeam "SV Castrop Rauxel 1923"]
[BlackTeam "SV Wattenscheid 1930"]
[WhiteTeamCountry "GER"]
[BlackTeamCountry "GER"]

1. d4 Nf6 2. c4 g6 3. Nc3 d5 4. Nf3 Bg7 5. Bf4 O-O 6. e3 c5 7. dxc5 Qa5 8. Rc1
dxc4 9. Bxc4 Qxc5 10. Bb3 Nc6 11. O-O Qa5 12. h3 Bf5 13. Qe2 Ne4 14. Nxe4 Bxe4
15. Rfd1 Qh5 16. Rd7 Rac8 17. Rcd1 e6 18. R1d2 Na5 19. Bc2 Bc6 20. Rc7 e5 21.
Rxc8 Rxc8 22. Bg3 e4 23. Qd1 exf3 24. Rd8+ Rxd8 25. Qxd8+ Bf8 26. Bd6 Qh6 27.
Bxf8 Qxf8 28. Qxa5 fxg2 29. e4 Qc8 30. Qc3 Qe6 31. Kxg2 Bxe4+ 32. Bxe4 Qxe4+
33. Kg3 h5 34. a3 a6 35. Qf6 Qd3+ 36. Kg2 Qd5+ 37. Kg3 a5 38. h4 b5 39. f3 b4
40. axb4 axb4 41. Qf4 Qc5 42. Qf6 Qg1+ 43. Kf4 Qh2+ 44. Kg5 Qb8 45. b3 Qc8 46.
Qd6 Qc1+ 47. f4 Qb2 48. f5 Kg7 49. fxg6 Qg2+ 50. Kf5 Qg4+ 0-1

[Event "Bundesliga 9899"]
[Site "Deutschland"]
[Date "1998.11.21"]
[Round "3.6"]
[White "Koehn, Peter"]
[Black "Appel, Ralf"]
[Result "0-1"]
[WhiteElo "2300"]
[BlackElo "2495"]
[PlyCount "103"]
[EventDate "1998.10.17"]
[EventType "team"]
[EventRounds "15"]
[EventCountry "GER"]
[SourceTitle "Bundesliga 9899"]
[Source "DeepChess"]
[SourceDate "2005.01.01"]
[SourceVersion "1"]
[SourceVersionDate "2005.01.01"]
[SourceQuality "1"]
[WhiteTeam "SV Wattenscheid 1930"]
[BlackTeam "SV Castrop Rauxel 1923"]
[WhiteTeamCountry "GER"]
[BlackTeamCountry "GER"]

1. e4 Nf6 2. Nc3 d5 3. e5 Nfd7 4. f4 e6 5. Nf3 c5 6. g3 Nc6 7. Bg2 Ne7 8. Ne2
Nf5 9. O-O h5 10. d3 Nb6 11. c3 Bd7 12. d4 Nc4 13. Qd3 Qb6 14. b3 Na5 15. Qd1
Rc8 16. Kh1 Nc6 17. Re1 cxd4 18. Nexd4 Ncxd4 19. Nxd4 Nxd4 20. cxd4 Bb4 21. Re2
Bb5 22. Rf2 h4 23. gxh4 Bc3 24. Bb2 Bxb2 25. Rxb2 Rxh4 26. Qd2 Qc7 27. Rd1 Qc3
28. Qxc3 Rxc3 29. Rf2 g6 30. h3 Rg3 31. Kh2 Rgg4 32. a4 Ba6 33. Rc1 Kf8 34. Bf3
Rxf4 35. Kg3 Rxd4 36. Bg4 Rh7 37. Bxe6 Rd3+ 38. Kg2 Re3 39. Bxd5 Rxe5 40. Rc8+
Ke7 41. Rc7+ Kd6 42. Rcxf7 Rxf7 43. Bxf7 g5 44. Kg3 Be2 45. Bg8 Re3+ 46. Kg2
Bd3 47. Rd2 Ke5 48. Kf2 Rxh3 49. Kg2 g4 50. Bc4 Be4+ 51. Kg1 g3 52. Rg2 0-1

[Event "Bundesliga 9899"]
[Site "Deutschland"]
[Date "1998.11.21"]
[Round "3.7"]
[White "Brendel, Oliver"]
[Black "Straeter, Timo"]
[Result "1/2-1/2"]
[WhiteElo "2420"]
[BlackElo "2300"]
[PlyCount "96"]
[EventDate "1998.10.17"]
[EventType "team"]
[EventRounds "15"]
[EventCountry "GER"]
[SourceTitle "Bundesliga 9899"]
[Source "DeepChess"]
[SourceDate "2005.01.01"]
[SourceVersion "1"]
[SourceVersionDate "2005.01.01"]
[SourceQuality "1"]
[WhiteTeam "SV Castrop Rauxel 1923"]
[BlackTeam "SV Wattenscheid 1930"]
[WhiteTeamCountry "GER"]
[BlackTeamCountry "GER"]

1. e4 e5 2. Nf3 Nc6 3. Bb5 g6 4. c3 a6 5. Ba4 d6 6. d4 Bd7 7. Bg5 Be7 8. Bxe7
Qxe7 9. O-O Nf6 10. d5 Nd8 11. Bxd7+ Nxd7 12. Re1 O-O 13. Nbd2 Kh8 14. Nf1 f5
15. exf5 gxf5 16. Ng3 Qf7 17. c4 a5 18. Rc1 Nc5 19. Rc3 f4 20. Ne4 Nxe4 21.
Rxe4 Rg8 22. g3 b6 23. Kh1 Nb7 24. Re1 Nc5 25. Nd2 Raf8 26. Rf3 Qg6 27. Qe2
fxg3 28. fxg3 Kg7 29. Ref1 Rxf3 30. Qxf3 Nd7 31. Qf5 Qxf5 32. Rxf5 Kg6 33. Rf1
Nc5 34. Kg2 Rb8 35. b3 b5 36. Kf3 bxc4 37. Nxc4 a4 38. bxa4 Rb4 39. Rc1 Rxa4
40. Nxe5+ Kf5 41. Nc6 Ra3+ 42. Kg2 Rxa2+ 43. Kh3 Rf2 44. Nd4+ Ke5 45. Ne6 Kxd5
46. Nxc7+ Kc6 47. Ne6 h6 48. g4 Kd5 1/2-1/2

[Event "Bundesliga 9899"]
[Site "Deutschland"]
[Date "1998.11.21"]
[Round "3.8"]
[White "Sandkamp, Ralph"]
[Black "Hermesmann, Hans"]
[Result "1/2-1/2"]
[WhiteElo "2245"]
[BlackElo "2300"]
[PlyCount "43"]
[EventDate "1998.10.17"]
[EventType "team"]
[EventRounds "15"]
[EventCountry "GER"]
[SourceTitle "Bundesliga 9899"]
[Source "DeepChess"]
[SourceDate "2005.01.01"]
[SourceVersion "1"]
[SourceVersionDate "2005.01.01"]
[SourceQuality "1"]
[WhiteTeam "SV Wattenscheid 1930"]
[BlackTeam "SV Castrop Rauxel 1923"]
[WhiteTeamCountry "GER"]
[BlackTeamCountry "GER"]

1. Nf3 Nf6 2. g3 b6 3. Bg2 Bb7 4. O-O c5 5. c4 e6 6. b3 Be7 7. Bb2 O-O 8. Nc3
d6 9. Qc2 Nc6 10. Rfd1 Qc8 11. Rac1 Ne5 12. Ne1 Bxg2 13. Nxg2 Nc6 14. e3 Ne5
15. Ne1 Qb7 16. d4 Nf3+ 17. Nxf3 Qxf3 18. Qe2 Qxe2 19. Nxe2 Rfd8 20. f3 d5 21.
cxd5 Nxd5 22. Kf2 1/2-1/2

[Event "Bundesliga 9899"]
[Site "Deutschland"]
[Date "1998.11.22"]
[Round "4.1"]
[White "Rogers, Ian"]
[Black "Lutz, Christopher"]
[Result "1-0"]
[WhiteElo "2570"]
[BlackElo "2595"]
[PlyCount "57"]
[EventDate "1998.10.17"]
[EventType "team"]
[EventRounds "15"]
[EventCountry "GER"]
[SourceTitle "Bundesliga 9899"]
[Source "DeepChess"]
[SourceDate "2005.01.01"]
[SourceVersion "1"]
[SourceVersionDate "2005.01.01"]
[SourceQuality "1"]
[WhiteTeam "Delmenhorster SK 1931"]
[BlackTeam "SG Porz e.V."]
[WhiteTeamCountry "GER"]
[BlackTeamCountry "GER"]

1. d4 d5 2. c4 e6 3. Nc3 Be7 4. Nf3 Nf6 5. Bg5 h6 6. Bh4 O-O 7. e3 b6 8. Bd3
Bb7 9. O-O Nbd7 10. Qe2 c5 11. Rfd1 Ne4 12. Bg3 cxd4 13. exd4 Nxg3 14. hxg3 Nf6
15. Ne5 Bb4 16. Rac1 Bxc3 17. bxc3 Rc8 18. cxd5 Qxd5 19. f3 Rxc3 20. Bh7+ Nxh7
21. Rxc3 Qd8 22. Qc2 Nf6 23. Rc7 Qb8 24. Rc1 Ba6 25. Qa4 Bb7 26. Nd7 Nxd7 27.
Qxd7 Ba6 28. Rxa7 Bb5 29. Qc7 1-0

[Event "Bundesliga 9899"]
[Site "Deutschland"]
[Date "1998.11.22"]
[Round "4.2"]
[White "Van Wely, Loek"]
[Black "Hodgson, Julian M"]
[Result "0-1"]
[WhiteElo "2605"]
[BlackElo "2575"]
[PlyCount "74"]
[EventDate "1998.10.17"]
[EventType "team"]
[EventRounds "15"]
[EventCountry "GER"]
[SourceTitle "Bundesliga 9899"]
[Source "DeepChess"]
[SourceDate "2005.01.01"]
[SourceVersion "1"]
[SourceVersionDate "2005.01.01"]
[SourceQuality "1"]
[WhiteTeam "SG Porz e.V."]
[BlackTeam "Delmenhorster SK 1931"]
[WhiteTeamCountry "GER"]
[BlackTeamCountry "GER"]

1. d4 d5 2. c4 c6 3. Nc3 Nf6 4. e3 a6 5. Bd2 b5 6. cxd5 cxd5 7. Nf3 e6 8. Ne5
Be7 9. Bd3 Bb7 10. O-O O-O 11. Qf3 Nbd7 12. Qh3 g6 13. f4 Ne4 14. Be1 Rc8 15.
Ne2 Kg7 16. Nc1 Nd6 17. b4 Nb6 18. Nb3 Rc7 19. Nc5 Bc8 20. Rf3 Nbc4 21. Bc3 Ne4
22. Nxc4 Nxc3 23. Nb6 Bb7 24. a4 a5 25. Bxb5 axb4 26. Nbd7 Rh8 27. Ne5 Bxc5 28.
dxc5 b3 29. Nd3 d4 30. Rf2 Be4 31. Nc1 Nd1 32. Nxb3 Nxf2 33. Kxf2 d3 34. Qg4
Qf6 35. Ra2 Bd5 36. Qd1 Qc3 37. Ra3 Qb2+ 0-1

[Event "Bundesliga 9899"]
[Site "Deutschland"]
[Date "1998.11.22"]
[Round "4.3"]
[White "Conquest, Stuart"]
[Black "Khalifman, Alexander"]
[Result "0-1"]
[WhiteElo "2480"]
[BlackElo "2660"]
[PlyCount "64"]
[EventDate "1998.10.17"]
[EventType "team"]
[EventRounds "15"]
[EventCountry "GER"]
[SourceTitle "Bundesliga 9899"]
[Source "DeepChess"]
[SourceDate "2005.01.01"]
[SourceVersion "1"]
[SourceVersionDate "2005.01.01"]
[SourceQuality "1"]
[WhiteTeam "Delmenhorster SK 1931"]
[BlackTeam "SG Porz e.V."]
[WhiteTeamCountry "GER"]
[BlackTeamCountry "GER"]

1. Nf3 Nf6 2. d4 g6 3. Bg5 Bg7 4. c3 O-O 5. Nbd2 d5 6. e3 Nbd7 7. Be2 Re8 8.
O-O e5 9. Rc1 c6 10. Bh4 e4 11. Ne1 Nb6 12. b3 Be6 13. c4 Nc8 14. Kh1 Ne7 15.
Bg3 Nf5 16. Bf4 h5 17. Nc2 Nh7 18. cxd5 cxd5 19. f3 exf3 20. gxf3 Rc8 21. Rg1
Bd7 22. Nf1 Bh6 23. Bxh6 Nxh6 24. Nb4 Nf5 25. Nxd5 Rxc1 26. Qxc1 Nxd4 27. exd4
Rxe2 28. Qc4 Re6 29. Nf4 Qf6 30. d5 Re1 31. Qc7 Bh3 32. Ng2 Qxf3 0-1

[Event "Bundesliga 9899"]
[Site "Deutschland"]
[Date "1998.11.22"]
[Round "4.4"]
[White "Timman, Jan H"]
[Black "Gisbrecht, Ewgeni"]
[Result "1/2-1/2"]
[WhiteElo "2635"]
[BlackElo "2415"]
[PlyCount "117"]
[EventDate "1998.10.17"]
[EventType "team"]
[EventRounds "15"]
[EventCountry "GER"]
[SourceTitle "Bundesliga 9899"]
[Source "DeepChess"]
[SourceDate "2005.01.01"]
[SourceVersion "1"]
[SourceVersionDate "2005.01.01"]
[SourceQuality "1"]
[WhiteTeam "SG Porz e.V."]
[BlackTeam "Delmenhorster SK 1931"]
[WhiteTeamCountry "GER"]
[BlackTeamCountry "GER"]

1. e4 c5 2. Nf3 Nf6 3. e5 Nd5 4. b3 Nc6 5. Bb2 e6 6. Bb5 Qc7 7. O-O Be7 8. Re1
O-O 9. Bc4 d6 10. exd6 Qxd6 11. Na3 Bf6 12. Qc1 a6 13. Bf1 b6 14. Nc4 Qc7 15.
Ne3 Bxb2 16. Qxb2 Rd8 17. Bc4 Nf6 18. c3 Qf4 19. Rad1 e5 20. d4 cxd4 21. cxd4
exd4 22. Nd5 Nxd5 23. Bxd5 Qd6 24. Bxc6 Qxc6 25. Nxd4 Qf6 26. Nc6 Rxd1 27. Rxd1
Be6 28. Qxf6 gxf6 29. Rd6 a5 30. Nd4 b5 31. h3 a4 32. Nxe6 fxe6 33. Rxe6 Kf7
34. Rb6 Rc8 35. Rxb5 Rc1+ 36. Kh2 Rc2 37. bxa4 Rxa2 38. a5 Rxf2 39. Kg3 Ra2 40.
Kf3 Kg6 41. Rd5 h5 42. g3 Ra3+ 43. Ke4 f5+ 44. Kf4 Ra4+ 45. Ke5 Re4+ 46. Kd6
Re3 47. Kc6 Rxg3 48. a6 Rxh3 49. a7 Ra3 50. Kb6 Rxa7 51. Kxa7 h4 52. Kb6 Kg5
53. Kc5 h3 54. Rd8 Kf4 55. Kd4 h2 56. Rh8 Kg3 57. Ke3 Kg2 58. Rg8+ Kf1 59. Rh8
1/2-1/2